000 00546cam a22002174a 4500
005 20250605164321.0
008 250528s ||||||||||||||||||||||||d
035 _a22912
020 _a9780631191827
040 _aGR-AtMCL
_bgre
_dGR-AtMCL
_eAACR2
245 1 _aPORTFOLIO THEORY AND INVESTMENT MANAGEMENT
250 _a2
260 _bThe Dryden Press,
_c1994
300 _a981
700 1 _aDobbins Richard
_91608
700 1 _aFielding John
_91609
700 1 _aWitt Sthephen
_98538
942 _cBK
999 _c7955
_d7955